Paises da Europa - Statistics

Estatísticas Gerais
  • Esse quiz foi jogado 458 vezes
    437 desde o último reset
  • A pontuação média é 39 de 49
Estatísticas das Respostas
# Capital Paises % Correto
3 Paris Franca
99%
4 Roma Italia
99%
1 Lisboa Portugal
99%
2 Madrid Espanha
98%
12 Londres Reino Unido
97%
21 Berlim Alemanha
95%
6 Monaco Monaco
93%
5 Andorra lavella Andorra
92%
19 Bruxelas Belgica
92%
11 Luxemburgo Luxemburgo
92%
9 Vaticano Vaticano
92%
20 Amesterdao Holanda
90%
13 Dublin Irlanda
90%
15 Oslo Noruega
90%
16 Estocolmo Suecia
90%
18 Copenhaga Dinamarca
89%
30 Atenas Grecia
89%
8 San Marino San Marino
89%
10 Berna Suica
89%
46 Moscovo Russia
87%
45 Kiev Ucrania
87%
25 Viena Austria
85%
17 Helsinquia Finlandia
85%
22 Varsovia Polonia
84%
26 Budapeste Hungria
83%
32 Zagreb Croacia
80%
24 Bratislava Eslovaquia
80%
14 Reiquijavique Islandia
80%
29 Sofia Bulgaria
79%
31 Liubliana Eslovenia
78%
27 Bucareste Romenia
77%
42 Riga Letonia
76%
43 Vilnius Lituania
76%
41 Tallin Estonia
74%
38 Tirana Albania
72%
39 La Valeta Malta
70%
33 Belgrado Servia
70%
34 Sarajevo Bosnia e Herzegovina
69%
23 Praga Republica Checa
69%
35 Pristina Kosovo
68%
37 Podogorica Montenegro
67%
28 Chisinau Moldavia
62%
36 Skopje Macedonia
60%
7 Vaduz Liechtenstein
59%
44 Minsk Bielorrussia
55%
40 Nicosia Chipre
55%
47 Erevan Armenia
41%
48 Tblisi Georgia
41%
49 Baku Azerbaijao
37%
Nenhum quiz correspondente encontrado
Distribuição das Pontuações
Porcentagem de Pessoas com Cada Pontuação
Percentil de Números Respondidos
Sua Pontuação Histórica
Você não jogou esse quiz desde o último reset